| 000 | 00636nam a2200205 u 4500 | ||
|---|---|---|---|
| 005 | 20220817104125.0 | ||
| 008 | 160511s1996 mx r 000 0 spa d | ||
| 035 | _aUPN01000210227 | ||
| 049 | _aI | ||
| 050 | 4 |
_aPZ78 _bM3.42 |
|
| 100 | 1 |
_aMartínez Blanco, Enrique, _d1947- _932755 |
|
| 245 | 1 | 3 |
_aLa maravillosa silla de mi abuela / _cEnrique Martínez Blanco. |
| 260 |
_aMéxico : _bSitesa, _c1996. |
||
| 300 |
_a[22] p. : _bprincipalmente il. col. |
||
| 440 | 0 | _aCuentos sin palabras | |
| 650 | 4 |
_aCUENTOS INFANTILES CUBANOS _911212 |
|
| 650 | 7 |
_aAbuelas _vLiteratura infantil _2 _94408 |
|
| 905 | _aInfantil | ||
| 999 |
_c182328 _d182328 |
||